000 01085nam a22002415i 4500
001 158571
003 ES-MaACL
005 20230906211222.0
008 990318s1846 fr a |||| | fre d
080 _a908(599)
100 1 _aMallat, J.
_9129387
245 1 4 _aLes Philippines :
_bhistoire, géographie, moeurs, agriculture, industrie et commerce des colonies espagnoles dans l'Océanie /
_cpar J. Mallat.
260 _aParis :
_bArthus Bertrand,
_c1846 (
_fImp. de Madame Veuve Bouchard-Huzard)
300 _a3 v. ;
_c23 cm, 51 cm.
505 8 _aContiene: I-II. Texto (399 ; 380, 2 p., [2] h. pleg. ) -- III. Atlas (18 plan.)
594 _aDisponible en formato digital: v. 1-2
599 _aLas lám. del atlas lit.: "Lith. Bayot. Imp. Lemercier á París"
651 4 _aFilipinas-
_xDescripción.
_98657
651 4 _aFilipinas-
_xHistoria.
_98658
651 4 _aFilipinas-
_xGeografía.
_9137152
852 4 _aES-MaACL
_jR-2067-69
_z- Enc. hol. Olim: G7065-6 Bis.
856 4 _uhttp://bdh-rd.bne.es/viewer.vm?id=0000005887&page=1
_zBiblioteca Digital Hispánica
_z(V. 1-2)
999 _c158571
_d158571